Normal view
MARC view
- Lennon, Thomas H.
Entry Personal Name
001 - CONTROL NUMBER
- control field: 6942
003 - CONTROL NUMBER IDENTIFIER
- control field: OSt
005 - DATE AND TIME OF LATEST TRANSACTION
- control field: 20170523090114.0
008 - FIXED-LENGTH DATA ELEMENTS
- fixed length control field: 170523|| aca||aabn | a|a d
040 ## - CATALOGING SOURCE
- Original cataloging agency: OSt
- Transcribing agency: OSt
100 ## - HEADING--PERSONAL NAME
- Personal name: Lennon, Thomas H.
670 ## - SOURCE DATA FOUND
- Source citation: Work cat.: (OSt)0: Tucker, Spencer A. 6940, Production standards for profit planning /, c1982

PORTAL AKMAL
E-MEL JKDM
AKMAL2U
G-BAM
u-PUSTAKA